000 00325nam a22001457a 4500
008 210302b ||||| |||| 00| 0 eng d
020 _a011481540
041 _aeng
080 _23rd
_a33
082 _a33
100 _a59
101 _aBIZ
245 _aAgency, Partnerships, and LLCs
_cKleinberger, D.S
942 _2udc
_cBK
999 _c55551
_d55551